01018nas a2200241 i 4500003000900000005001700009007000300026008004100029040003000070041000800100110001600108245009900124264006300223300006500286310001500351336002700366337003400393338002800427362003900455500006700494520017400561650004100735DO-SdBNP20260521145740.0ta260521e2003 dr fn|p|r|||||00| | spa d aDO-SdBNPbspacBNPHUerda aspa aGrupo Break aParadigmas :brevista de critica filosófica e investigación en humanidades /cGrupo Break aSanto Domingo, Republica Dominicana :bGrupo Break,c2003. avolumen : bilustraciones, fotografías, graficas ;c21 cm. aSemestral. atextobtxt2rdacontent asin mediación bn2rdamedia avolumenbnc2rdacarrier aAño 1. No. 1, enero-junio, 2003. aCatalogación basada en el Año 1. No. 1, enero-junio, 2003. aBreak significa: "romper", "quebrar" Es también la metáfora de una actitud de ruptura con los "muros" que obstaculizan perspectivas mas amplias de interpretación.  0aCiencia vPublicaciones periódicas